000 01102nam a22003257a 4500
003 CHAP
005 20220329135738.0
008 971013s1993 r 00010 d
010 _a41397
011 _a42369
035 _a46498
040 _cCHAP
082 _a581.463
_bS34 1993
100 0 0 _aSacalis, John N.
_9101120
245 _aCut flowers
_b: prolonging freshness : postproduction care & handling
250 _a2 ed.
260 _aBatavia, Ill. :
_bBall,
_c1993
300 _a110 p.
_b; ilus.
590 _aBATCH-UPD
_b10
_c20130109
_lUCH01
_h2321
590 _aBATCH-UPD
_b10
_c20130110
_lUCH01
_h1626
590 _aBATCH-UPD
_b10
_c20130410
_lUCH01
_h1020
590 _aBATCH-UPD
_b10
_c20130914
_lUCH01
_h1418
590 _aCONVERSION
_b10
_c20130109
_lUCH01
_h1323
650 1 4 _aFlores
_xTecnologĂ­a postcosecha.
_941409
700 0 _aSeals, Joseph L.
_eed.
_9103448
901 _aBK
942 _cLIBRO
949 _a581.463 S34 1993
_bBC
_cC
_d33724000496048
_eC
_gI.174801
_h88691
_i46498
_sb
_t152.29
949 _a581.463 S34 1993
_bBC
_cC
_d33724000496584
_eC
_fc.2
_gI.180067
_h88381
_i46498
_sb
_t241.00
999 _c41397
_d41397